Premier League Players By Letter - M - Statistics

General Stats
  • This quiz has been taken 259 times
  • The average score is 21 of 41
Answer Stats
First Name Surname Club % Correct
Riyad Mahrez Leicester City
97%
Sadio Mané Southampton
97%
Anthony Martial Manchester United
92%
Nemanja Matic Chelsea
92%
Juan Mata Manchester United
89%
John Obi Mikel Chelsea
85%
Nacho Monreal Arsenal
80%
Per Mertesacker Arsenal
79%
Alberto Moreno Liverpool
76%
Eliaquim Mangala Manchester City
75%
Simon Mignolet Liverpool
73%
James Milner Liverpool
72%
Aleksandar Mitrovic Newcastle United
68%
Ryan Mason Tottenham Hotspur
66%
Vito Mannone Sunderland
60%
Russell Martin Norwich City
58%
Kévin Mirallas Everton
55%
Wesley Morgan Leicester City
54%
- Michu Swansea City
51%
James McCarthy Everton
49%
Victor Moses West Ham
49%
Aiden McGeady Everton
43%
James McArthur Crystal Palace
42%
Chancel Mbemba Newcastle United
41%
James Morrison West Bromwich
38%
Glenn Murray Bournemouth
37%
Sean Murray Watford
37%
Boaz Myhill West Bromwich
37%
Jefferson Montero Swansea City
36%
Youssouf Mulumbu Norwich City
32%
Gareth McAuley West Bromwich
28%
Yann M'Vila Sunderland
25%
Sylvain Marveaux Newcastle United
24%
Dieumerci Mbokani Norwich City
24%
Marc Muniesa Stoke City
24%
Adrian Mariappa Crystal Palace
23%
James McClean West Bromwich
20%
Callum McManaman West Bromwich
20%
Jordon Mutch Crystal Palace
20%
Josh Murphy Norwich City
18%
Adam Matthews Sunderland
16%
No matching quizzes found
Score Distribution
Percent of People with Each Score
Percentile by Number Answered
Your Score History
You have not taken this quiz